Welcome to CU Library Online Public Access Catalogue (OPAC)

Management; (Record no. 4999)

MARC details
000 -LEADER
fixed length control field 00434nam a22001577a 4500
005 - DATE AND TIME OF LATEST TRANSACTION
control field 20250320104634.0
008 - FIXED-LENGTH DATA ELEMENTS--GENERAL INFORMATION
fixed length control field 250320b |||||||| |||| 00| 0 eng d
020 ## - INTERNATIONAL STANDARD BOOK NUMBER
International Standard Book Number 9780750643894
050 ## - LIBRARY OF CONGRESS CALL NUMBER
Classification number HD31
Item number DRU
100 ## - MAIN ENTRY--PERSONAL NAME
Personal name Drucker, Peter F.
245 ## - TITLE STATEMENT
Title Management;
Remainder of title tasks, responsibilities, practices
260 ## - PUBLICATION, DISTRIBUTION, ETC.
Place of publication, distribution, etc. OXford
Name of publisher, distributor, etc. Butterworth-Heinemann
Date of publication, distribution, etc. c1974
300 ## - PHYSICAL DESCRIPTION
Other physical details Drucker, Peter F.
500 ## - GENERAL NOTE
General note Includes index
942 ## - ADDED ENTRY ELEMENTS (KOHA)
Source of classification or shelving scheme Library of Congress Classification
Koha item type Books
Suppress in OPAC No
999 ## -
-- 4999
-- 4999
Holdings
Withdrawn status Lost status Source of classification or shelving scheme Damaged status Not for loan Collection Home library Current library Shelving location Date acquired Total checkouts Full call number Barcode Date last seen Copy number Price effective from Koha item type
    Library of Congress Classification     Non-fiction Undergraduate Library (Christ Temple) Undergraduate Library (Christ Temple) General stacks 03/20/2025   HD31 DRU ulct00001820 03/20/2025 1 03/20/2025 Books
    Library of Congress Classification     Non-fiction Undergraduate Library (Christ Temple) Undergraduate Library (Christ Temple) General stacks 03/20/2025   HD31 DRU ulct00001821 03/20/2025 2 03/20/2025 Books
© 2023-2024 Copyright: Central University Libraries. All Rights Reserved | Created by: Mahone Tech Office